=LDR 00000nam 2200000 4500 =001 INLIS000000000027477 =005 20130612125841 =008 ***********************************ind** =035 ##$$0010-061300000027477 =041 ##$$a ind =082 ##$$a F Rom D =090 ##$$a F Rom D, Gib c =100 ##$$a Gibran,kahlil =245 ##$$a Cinta sepanjang masa, Kahlil Gibran =260 ##$$a 2007 $b Yogyakarta =300 ##$$a viii,107 hlm, ilus, 20 cm =650 ##$$a Fiksi Dewasa-Indonesia =850 ##$$a NBPNMAT